Statistics for Royal Rumble Quiz

Click here to take the quiz!

General Stats

  • This quiz has been taken 5 times
  • The average score is 9 of 15

Answer Stats

HintAnswer% Correct
How many wrestlers did Brock Lesnar eliminate before getting eliminated in the 2020 Royal Rumble?13
100%
Who won the 2011 Royal Rumble?Alberto Del Rio
75%
Who won the 2007 Royal Rumble?The Undertaker
75%
Who has won the most Royal Rumbles?"Stone Cold" Steve Austin
75%
Who won the first Royal Rumble?"Hacksaw" Jim Duggan
75%
Who won the 2013 Royal Rumble?John Cena
75%
Who won the 2015 Royal Rumble?Roman Reigns
75%
Who won the 2004 Royal Rumble?Chris Benoit
75%
Who returned at number 27 in the 2018 Royal Rumble?Rey Mysterio
50%
Who did Drew McIntyre get help from to eliminate Brock Lesnar in the 2020 Royal Rumble?Ricochet
50%
Who returned at number 32 in the 2011 Royal Rumble?Diesel
50%
Who eliminated Randy Orton in the 2020 Royal Rumble?Edge
50%
Who returned at number 21 in the 2011 Royal Rumble?Booker T
25%
Who returned at number 23 in the 2012 Royal Rumble?Road Dogg
25%
Who returned in the 2015 Royal Rumble at number 7?Boogeyman
0%

Score Distribution

Percentile by Number Answered

Percent of People with Each Score

Your Score History

You have not taken this quiz